000 00847nam a22001457a 4500
999 _c523789
_d523789
008 230927b ||||| |||| 00| 0 eng d
100 _aMohan, Saumitra
_944016
245 _aSardar Vallabhbhai Patel: Builder of India’s steel frame
260 _aThe Administrator : Journal of LBSNAA
300 _a62(1), Jan, 2023: p. 21-30
520 _aSardar Vallabhbhai Patel was a mass leader, politician, administrator and on astute diplomat. A patriot to the one, Sardar Patel was inhumed with practical sagacity and ranks amongst the greatest architects of free India. The contribution of Sadar Vallabhbhai Patel Known as the ‘Iron Man of India’ to the Indian freedom struggle has been remarkable and incomparable. – Reproduced
773 _aThe Administrator : Journal of LBSNAA
906 _aSARDAR VALLABH BHAI PATEL
942 _cAR